Ján XXIII. - pápež, za ktorého sa modlili aj ateisti

Bibliographic Details
Main Author: Peťová, Anna, 1960- (Author)
Format: Article
Language:Slovak
PhysicalDescription:Fotogr.
ISSN:0139-8512
Subjects:

MARC

LEADER 00000nab a2200000 ar4500
001 vtls009185617
003 SK-MaSNL
005 20260303215935.0
008 080206c2008 xo mr|p|||||||000 b|slo
015 |a SNBRB2008/02  |2 snkbucl 
038 |a SNKBUCL 
040 |a SNKBUCL  |b slo  |c SNKBUCL  |e AACR2 
041 0 |a slo 
044 |a xo  |c SK 
080 |a 2-051  |2 1997 
100 1 |a Peťová, Anna,  |d 1960-  |4 aut  |9 241788 
245 1 0 |a Ján XXIII. - pápež, za ktorého sa modlili aj ateisti  |c Anna Peťová 
300 |b Fotogr. 
600 0 7 |a Ján  |b XXIII.,  |c pápež,  |d 1881-1963  |2 snkbucl 
773 0 |t Katolícke noviny  |g Roč. 123, č. 6 (2008), s. 12  |x 0139-8512 
852 |a SNK  |b KIS3GCP 
958 |a BC 
999 |c 2224138  |d 2226068